Open Data Biblioteca Nacional de Portugal


República Portuguesa: Ministério da Cultura
Biblioteca Nacional de Portugal

Catálogo da BNP: acesso por Identificadores Unívocos
Registos Bibliográficos associados ao registo de autoridade

Etiqueta de registo: 00000nkm 2200025 450
001 2279428
003 http://id.bnportugal.gov.pt/bib/catbnp/2279428
100 ## $a20260311f19851995m y0pory01030103ba
101 0# $apor
102 ## $aPT
200 1# $aCurso de Técnico de Gestão - Pescas$bVisual gráfico]$fForpescas - Centro de Formação Profissional do Sector das Pescas$gdesign: Alves da Silva e Vitor da Costa Santos
210 #9 $a[Porto]$cForpescas - Centro de Formação Profissional do Sector das Pescas,$d[entre 1985 e 1995]$ePorto:$gGrafislab)
215 ## $a1 cartaz$ccolor.$d68x48 cm
306 ## $aDatação em conformidade com as características formais do documento
317 ## $aColeção Madeira Luís
702 #1 $aCosta,$bSantos,$f1951-$4410$3216989
702 #1 $aAlves da Silva$4410$31990862
710 02 $aForpescas$3129985
712 01 $aPortugal.$bInstituto do Emprego e Formação Profissional$329156
801 #0 $aPT$bBN$gRPC
966 ## $lBN$mICONOG$sCT. 24320 A.$x3
971 ## $cCaticonografia5$d20260311
995 ## $aPRR2026

OpendataBNP@bnportugal.pt | Mais informação sobre acesso aos dados BNP